Information handling first principles / (Record no. 176203)
[ view plain ]
| 000 -LEADER | |
|---|---|
| fixed length control field | 00940 a2200157 4500 |
| 003 - CONTROL NUMBER IDENTIFIER | |
| control field | Nust |
| 005 - DATE AND TIME OF LATEST TRANSACTION | |
| control field | 20230515131346.0 |
| 020 ## - INTERNATIONAL STANDARD BOOK NUMBER | |
| International Standard Book Number | 6221311 |
| 040 ## - CATALOGING SOURCE | |
| Transcribing agency | Nust |
| 082 ## - DEWEY DECIMAL CLASSIFICATION NUMBER | |
| Classification number | 001.539,INF |
| 100 ## - MAIN ENTRY--PERSONAL NAME | |
| Personal name | Howerton w ,paul |
| 9 (RLIN) | 112313 |
| 245 ## - TITLE STATEMENT | |
| Title | Information handling first principles / |
| Statement of responsibility, etc. | Paul W. Howerton |
| 505 ## - FORMATTED CONTENTS NOTE | |
| Formatted contents note | Information System Theory as the Foundation of Practice of Practical Design (Page-1), File Organization: Principles and Practices for Processing and Maintaining the Collection (Page-19), Indexing in Depth: Practical Parameters (Page-55), Optimizing Information Searches (Page-89), Feedback from the User (Page-107), The Role of the Information System Executive (Page-137), Organization for a Science Information Service (Page-171), Selection and Training of Information Center Personal (Page-183), Criteria for Total Information System Evaluation (Page-195). |
| 650 ## - SUBJECT ADDED ENTRY--TOPICAL TERM | |
| Topical term or geographic name entry element | Information Handling |
| 9 (RLIN) | 112314 |
| 942 ## - ADDED ENTRY ELEMENTS (KOHA) | |
| Source of classification or shelving scheme | |
| Koha item type | Book Bank |
| Withdrawn status | Lost status | Source of classification or shelving scheme | Damaged status | Not for loan | Permanent Location | Current Location | Shelving location | Date acquired | Full call number | Barcode | Date last seen | Price effective from | Koha item type | Public note |
|---|---|---|---|---|---|---|---|---|---|---|---|---|---|---|
| Military College of Signals (MCS) | Military College of Signals (MCS) | General Stacks | 12/12/2016 | 001.539,INF | MCS3354 | 12/08/2016 | 12/12/2016 | Book | Almirah No.79, Shelf No.1 |
